CCATALK : a mobile application communication system of Cavite State University-CCAT / (Record no. 3305)
[ view plain ]
| 000 -LEADER | |
|---|---|
| fixed length control field | 02880nam a22003137a 4500 |
| 003 - CONTROL NUMBER IDENTIFIER | |
| control field | OSt |
| 005 - DATE AND TIME OF LATEST TRANSACTION | |
| control field | 20240510203008.0 |
| 008 - FIXED-LENGTH DATA ELEMENTS--GENERAL INFORMATION | |
| fixed length control field | 240506b ||||| |||| 00| 0 eng d |
| 040 ## - CATALOGING SOURCE | |
| Language of cataloging | English. |
| Transcribing agency | CvSU-CCAT Campus Library. |
| Description conventions | rda. |
| 050 ## - LIBRARY OF CONGRESS CALL NUMBER | |
| Classification number | UM QA 76.758.A84 |
| Item number | Ba38 2019 |
| 100 ## - MAIN ENTRY--PERSONAL NAME | |
| Personal name | Bautista, Cyril Bless T., author. |
| 9 (RLIN) | 12062 |
| 245 ## - TITLE STATEMENT | |
| Title | CCATALK : a mobile application communication system of Cavite State University-CCAT / |
| Statement of responsibility, etc. | Cyril Bless T. Bautista and Christle Anne B. Concio. |
| 260 ## - PUBLICATION, DISTRIBUTION, ETC. | |
| Place of publication, distribution, etc. | Rosario, Cavite : |
| Name of publisher, distributor, etc. | Cavite State University-CCAT Campus, |
| Date of publication, distribution, etc. | 2019. |
| 300 ## - PHYSICAL DESCRIPTION | |
| Extent | xi, 115 leaves : |
| Other physical details | illustrations ; |
| Dimensions | 28 cm |
| 500 ## - GENERAL NOTE | |
| General note | A Capstone Project (BSInfoTech) -- Cavite State University-CCAT Campus, 2019. |
| 504 ## - BIBLIOGRAPHY, ETC. NOTE | |
| Bibliography, etc. note | Includes bibliographical references and appendices. |
| 520 ## - SUMMARY, ETC. | |
| Thesis Abstract | <a href="BAUTISTA, CYRIL BLESS T., CONCIO, CHRISTLE ANNE B.CCATalk: A Mobile ApplicationCommunication System for Cavite State University-CCAT. Cavite State University-CCAT, Rosario, Cavite. May 2019. Adviser: Prof. Christopher G. Estonilo.<br/><br/>The study was conducted from August 2018 to April 2019 at the Department of Computer Studies of Cavite State University-CCAT. The general objective of the study was to improve the communication system of the students, teachers and different department in the Cavite State University-CCAT.Specifically, the study aimed to 1) design and develop the mobile application called CCATalk which will be capable of, providing registration Sand login of the users, providing forum and create message and providing announcement of activities; 2) evaluate the system in order to determine if it complies with the ISO-EIC-25010 software standards; and3) prepare an implementation plan for the deployment of the system in the campus.<br/><br/>The system analysis and design of CCATalk applied the rapid application development or RAD software development model which was composed of requirement analysis, user design (prototype, test, refine), construction, and cutover.<br/><br/>The mobile application was evaluated by five (5) IT experts five (5) faculty members and twenty (20) general end-user in the campus. It gained a mean of 4.50 and described as Very Satisfactory for the IT expert respondents. On the other hand, it gained a mean of 4.66 and described as Excellent for the end-users including faculty members.">BAUTISTA, CYRIL BLESS T., CONCIO, CHRISTLE ANNE B.CCATalk: A Mobile ApplicationCommunication System for Cavite State University-CCAT. Cavite State University-CCAT, Rosario, Cavite. May 2019. Adviser: Prof. Christopher G. Estonilo.<br/><br/>The study was conducted from August 2018 to April 2019 at the Department of Computer Studies of Cavite State University-CCAT. The general objective of the study was to improve the communication system of the students, teachers and different department in the Cavite State University-CCAT.Specifically, the study aimed to 1) design and develop the mobile application called CCATalk which will be capable of, providing registration Sand login of the users, providing forum and create message and providing announcement of activities; 2) evaluate the system in order to determine if it complies with the ISO-EIC-25010 software standards; and3) prepare an implementation plan for the deployment of the system in the campus.<br/><br/>The system analysis and design of CCATalk applied the rapid application development or RAD software development model which was composed of requirement analysis, user design (prototype, test, refine), construction, and cutover.<br/><br/>The mobile application was evaluated by five (5) IT experts five (5) faculty members and twenty (20) general end-user in the campus. It gained a mean of 4.50 and described as Very Satisfactory for the IT expert respondents. On the other hand, it gained a mean of 4.66 and described as Excellent for the end-users including faculty members.</a> |
| 546 ## - LANGUAGE NOTE | |
| Language note | In English text. |
| 650 ## - SUBJECT ADDED ENTRY--TOPICAL TERM | |
| Topical term or geographic name entry element | Mobile Apps. |
| 9 (RLIN) | 257 |
| 650 ## - SUBJECT ADDED ENTRY--TOPICAL TERM | |
| Topical term or geographic name entry element | Mobile Application Development. |
| 9 (RLIN) | 12646 |
| 650 ## - SUBJECT ADDED ENTRY--TOPICAL TERM | |
| Topical term or geographic name entry element | Mobile computing. |
| 9 (RLIN) | 2711 |
| 650 ## - SUBJECT ADDED ENTRY--TOPICAL TERM | |
| Topical term or geographic name entry element | Mobile Communication Systems. |
| 9 (RLIN) | 5214 |
| 650 ## - SUBJECT ADDED ENTRY--TOPICAL TERM | |
| Topical term or geographic name entry element | Mobile Communications Systems. |
| 9 (RLIN) | 12647 |
| 700 ## - ADDED ENTRY--PERSONAL NAME | |
| Personal name | Concio, Christle Anne B., author. |
| 9 (RLIN) | 12063 |
| 700 ## - ADDED ENTRY--PERSONAL NAME | |
| Personal name | Estonilo, Christopher G., adviser. |
| 9 (RLIN) | 5822 |
| 700 ## - ADDED ENTRY--PERSONAL NAME | |
| Personal name | Prudente, Ashley M., technical critic. |
| 9 (RLIN) | 12064 |
| 942 ## - ADDED ENTRY ELEMENTS (KOHA) | |
| Source of classification or shelving scheme | Library of Congress Classification |
| Koha item type | Thesis/Manuscripts/Dissertations |
| Call number prefix | UM |
| Classification part | QA 76.758.A84 Ba38 2019 |
| Withdrawn status | Lost status | Source of classification or shelving scheme | Damaged status | Not for loan | Collection code | Home library | Current library | Shelving location | Date acquired | Coded location qualifier | Full call number | Barcode | Date last seen | Copy number | Price effective from | Koha item type |
|---|---|---|---|---|---|---|---|---|---|---|---|---|---|---|---|---|
| Library of Congress Classification | Thesis/Manuscript/Dissertation | Cavite State University - CCAT Campus | Cavite State University - CCAT Campus | TH | 12/02/2019 | UM | UM QA 76.758.A84 Ba38 2019 | T0005097 | 10/24/2025 | 1 | 05/06/2024 | Thesis/Manuscripts/Dissertations |
